| 000 | 00915nac a22002531i 4500 | ||
|---|---|---|---|
| 003 | EG-ScBUE | ||
| 005 | 20231120133105.0 | ||
| 008 | 121211s2007 enk af b 000 0 ara d | ||
| 020 | _a1904923194 | ||
| 040 |
_aEG-ScBUE _bara _erda _cEG-ScBUE _dEG-ScBUE |
||
| 043 | _aa-mk--- | ||
| 082 | 0 | 4 |
_a953.65 _bح م د _222 |
| 100 | 1 |
_aحمدي، صبري فالح، _eمؤلف. |
|
| 245 | 1 | 0 |
_aأضواء على تأريخ البحرين الحديث / _cد. صبري فالح الحمدي. |
| 250 | _aالطبعة الأولى. | ||
| 264 | 1 |
_aلندن : _bدار الحكمة، _c2007. |
|
| 300 |
_a244 صفحة ؛ _c24 سم |
||
| 336 |
_2rdacontent _aنص _btxt |
||
| 337 |
_aبدون وسيط _2rdamedia _bn |
||
| 338 |
_aمجلد _bnc _2rdacarrier |
||
| 504 | _aيشتمل على إرجاعات ببليوجرافية. | ||
| 651 | 7 |
_aالبحرين _xتاريخ _yالعصر الحديث. _2BUEsh |
|
| 942 |
_cBB _2ddc |
||
| 999 |
_c7912 _d7912 |
||